Significance of Innovation in Slovak Regions – Issues and Challenges

Určenie priorít inovačnej stratégie a politiky Slovenskej republiky založenej na analýze stavu Slovenska a jeho regiónov v oblasti inovácií v rámci Európskej únie pomocou porovnávacej analýzy a logickým odpočítaním.

Gespeichert in:
Bibliographische Detailangaben
1. Verfasser: Kordoš, Marcel
Weitere Verfasser: Krajňáková, Emília
Format: Buchkapitel
Sprache:Englisch
Schlagworte:
Tags: Tag hinzufügen
Keine Tags, Fügen Sie das erste Tag hinzu!

MARC

LEADER 00000nla a2200000 4500
001 0247024
005 20210325095247.6
041 0 |a eng 
044 |a CZ 
245 1 0 |a Significance of Innovation in Slovak Regions – Issues and Challenges  |c Marcel Kordoš, Emília Krajňáková 
520 |a Určenie priorít inovačnej stratégie a politiky Slovenskej republiky založenej na analýze stavu Slovenska a jeho regiónov v oblasti inovácií v rámci Európskej únie pomocou porovnávacej analýzy a logickým odpočítaním. 
610 2 0 |a inovácie sociálne 
610 2 0 |a inovácie technologické 
610 2 0 |a technológie nové 
610 2 0 |a regióny 
610 2 0 |a rozdiely regionálne 
610 2 0 |a politika regionálna 
610 2 0 |a analýza komparatívna 
610 2 0 |a Slovensko 
100 1 |a Kordoš, Marcel 
700 1 |a Krajňáková, Emília